French Body Parts #1 - Statistics

General Stats
  • This quiz has been taken 112 times
  • The average score is 14 of 20
Answer Stats
English French % Correct
the mouth la bouche
86%
the body le corps
85%
the head la tête
84%
the eyes les yeux
84%
the hand la main
81%
the foot le pied
81%
the heart le cœur
79%
the nose le nez
79%
the face le visage
78%
the hair les cheveux
76%
the tooth la dent
75%
the leg la jambe
74%
the arm le bras
74%
the tongue la langue
69%
the ear l'oreille
64%
the finger le doigt
60%
the back le dos
58%
the eye l'œil
51%
the lip la lèvre
50%
the shoulder l'épaule
41%
No matching quizzes found
Score Distribution
Percent of People with Each Score
Percentile by Number Answered
Your Score History
You have not taken this quiz